Justicia y democracia

Detalles Bibliográficos
Autor principal: Garcia Lp̤ez, Luisa Fernanda
Formato: eBook
Lenguaje:español
Publicado: Bogot:̀ Editorial Universidad de Rosario (Colombia), 2017
Materias:
Acceso en línea:Acceso restringido

MARC

LEADER 00000nam a22000007a 4500
005 20180713121917.0
007 cr|||| ||||
008 180713s2017 co |||||s|||| 00||0 spa d
020 |a 978-958-738-983-8 
035 |a 21851 
040 |a vLex 
090 |c 8041  |d 8041 
100 1 |a Garcia Lp̤ez, Luisa Fernanda 
245 1 0 |a Justicia y democracia  |h [Recurso electrn̤ico] /  |c Luisa Fernanda Garcia Lp̤ez 
256 |a Servicio en ln̕ea 
260 |a Bogot:̀  |b Editorial Universidad de Rosario (Colombia),  |c 2017 
300 |a 1 recurso electrn̤ico 
506 1 |a Disponible solo en los productos indicados  |d vLex Global  |d vLex Global (Academic Edition, excluding Law Schools)  |d vLex Global (U.S. Academic Edition, Law Schools)  |d vLex Global (U.S. Academic Edition, excluding Law Schools)  |d vLex Global (Academic Edition, Law Schools) 
650 0 4 |a Derecho Constitucional  |z Colombia 
740 0 |a vLex Libros (Servicio en ln̕ea) 
856 4 0 |u http://vlex.com/source/justicia-democracia-21851  |z Acceso restringido 
942 |c BOOK 
999 0 |a Constitutional right